000 00307nam a2200109Ia 4500
008 200302s9999 xx 000 0 und d
100 _aPaul Whicheloe
245 _aKatie Brown Decorates 5 Styles 10 Rooms 105 Projects
260 _bAn Imprint of Harper Collins Publishers
260 _c2002
300 _a255 P.,
999 _c1580
_d1580